000 01384nam a2200325Ia 4500
001 ebr10346690
003 CaPaEBR
006 m u
007 cr cn|||||||||
008 090828s2009 ne a sb 001 0 eng d
010 _z 2009479967
020 _z9789089641038
040 _aCaPaEBR
_cCaPaEBR
035 _a(OCoLC)475641465
050 1 4 _aNA105
_b.D45 2009eb
100 1 _aDenslagen, W. F.
240 1 0 _aRomantisch modernisme.
_lEnglish
245 1 0 _aRomantic modernism
_h[electronic resource] :
_bnostalgia in the world of conservation /
_cWim Denslagen; translated by Donald Gardner.
260 _aAmsterdam :
_bAmsterdam University Press,
_cc2009.
300 _a261 p. :
_bill.
504 _aIncludes bibliographical references (p. 231-254) and index.
533 _aElectronic reproduction.
_bPalo Alto, Calif. :
_cebrary,
_d2010.
_nAvailable via World Wide Web.
_nAccess may be limited to ebrary affiliated libraries.
546 _aText in English, translated from Dutch.
650 0 _aArchitecture
_xConservation and restoration.
650 0 _aArchitecture
_xConservation and restoration
_zNetherlands.
650 0 _aArchitecture, Modern
_y20th century.
655 7 _aElectronic books.
_2local
710 2 _aebrary, Inc.
856 4 0 _uhttp://site.ebrary.com/lib/rucke/Doc?id=10346690
_zAn electronic book accessible through the World Wide Web; click to view
999 _c32335
_d32335